Apropiación tecnológica en profesores que incorporan recursos educativos abiertos en educación media superior (Record no. 149960)

MARC details
000 -CABECERA
campo de control de longitud fija 00776nab a2200241 a 4500
005 - FECHA Y HORA DE LA ÚLTIMA TRANSACCIÓN
campo de control 20210219161047.0
008 - ELEMENTOS DE LONGITUD FIJA--INFORMACIÓN GENERAL
campo de control de longitud fija 991125s1985 mx 000 0 spa u
035 ## - NÚMERO DE CONTROL DEL SISTEMA
Número de control de sistema UPN01000177857
100 1# - ASIENTO PRINCIPAL--NOMBRE PERSONAL
Nombre de persona Celaya Ramírez, Rosario
222 ## - TÍTULO CLAVE
Título clave REVISTA MEXICANA DE INVESTIGACION EDUCATIVA
245 ## - MENCIÓN DE TÍTULO
Título Apropiación tecnológica en profesores que incorporan recursos educativos abiertos en educación media superior
300 ## - DESCRIPCIÓN FÍSICA
Extensión 487-513
362 0# - FECHAS DE PUBLICACIÓN Y/O DESIGNACIÓN SECUENCIAL
Fecha de publicación y/o designación secuencial 2010 Vol. 15, no. 45, abr.-jun.
653 0# - TERMINO DE INDIZACION - NO CONTROLADO
Término no controlado EDUCACION MEDIA SUPERIOR
653 0# - TERMINO DE INDIZACION - NO CONTROLADO
Término no controlado NUEVAS TECNOLOGIAS
653 0# - TERMINO DE INDIZACION - NO CONTROLADO
Término no controlado ENSEÑANZA
653 0# - TERMINO DE INDIZACION - NO CONTROLADO
Término no controlado RECURSOS EDUCATIVOS
700 1# - ASIENTO SECUNDARIO--NOMBRE DE PERSONAL
Nombre de persona Lozano Martínez, Fernando,
700 1# - ASIENTO SECUNDARIO--NOMBRE DE PERSONAL
Término indicativo de función/relación coaut.
700 1# - ASIENTO SECUNDARIO--NOMBRE DE PERSONAL
Nombre de persona Ramírez Montoya, María Soledad,
700 1# - ASIENTO SECUNDARIO--NOMBRE DE PERSONAL
Término indicativo de función/relación coaut.
905 ## - TIPO DE MATERIAL
Tipo de material Articulo

No items available.